000 00204nam a22000977a 4500
003 SGT
245 _aBULLETION OF MATERIALS SCIENCE
260 _bSpringer publisher
_c2019
300 _a500
942 _2ddc
_cBV
999 _c28965
_d28965